Whitehead's philosophy of science
Gorde:
| Egile nagusia: | |
|---|---|
| Formatua: | Liburua |
| Hizkuntza: | Undetermined |
| Argitaratua: |
U.S.A
The University of Chicago press
1960
|
| Gaiak: | |
| Etiketak: |
Etiketa erantsi
Etiketarik gabe, Izan zaitez lehena erregistro honi etiketa jartzen!
|
| Thư viện lưu trữ: | Trung tâm Học liệu Trường Đại học Cần Thơ |
|---|
| LEADER | 00508nam a2200181Ia 4500 | ||
|---|---|---|---|
| 001 | CTU_81478 | ||
| 008 | 210402s9999 xx 000 0 und d | ||
| 082 | |a 501 | ||
| 082 | |b P183 | ||
| 100 | |a Palter, Robert M. | ||
| 245 | 0 | |a Whitehead's philosophy of science | |
| 245 | 0 | |c Robert M. Palter | |
| 260 | |a U.S.A | ||
| 260 | |b The University of Chicago press | ||
| 260 | |c 1960 | ||
| 650 | |a Philosophy,Science,Whitehead | ||
| 904 | |i Trọng Hải | ||
| 980 | |a Trung tâm Học liệu Trường Đại học Cần Thơ | ||